Statistiques concernant Ville à pays n°10

Cliquez ici pour prendre le quiz!

Statistiques générales

  • Ce quiz a été pris 90 fois
  • Le résultat moyen est 9 sur 15

Statistiques - réponses

VilleEt pays% Correct
LilleFrance
100%
XianChine
99%
AntalyaTurquie
86%
LodzPologne
74%
BergenNorvège
73%
AnchorageÉtats-Unis
69%
Porto NovoBenin
68%
ChennaiInde
68%
DiliTimor Leste
59%
BakuAzerbaijan
58%
BredaPays-bas
56%
GuayaquilEquateur
51%
QomIran
35%
PopradSlovaquie
22%
FredericiaDanemark
18%

Distribution des résultats

Percentile par nombre de réponses

% des personnes avec chaque résultat

Votre développement - résultats

Vous n’avez pas pris ce quiz